Statistiques concernant Football - Surnom des clubs de foot

Cliquez ici pour prendre le quiz!

Statistiques générales

  • Ce quiz a été pris 320 fois
  • Le résultat moyen est 9 sur 18

Statistiques - réponses

HintRéponse% Correct
ChelseaLes Blues
80%
ArsenalLes Gunners
75%
Manchester UnitedLes Red devils
75%
BarceloneLes Blaugrana
74%
TottenhamLes Spurs
73%
LiverpoolLes Reds
72%
NantesLes Canaris
67%
Atlético MadridLes Colchoneros
60%
Olympique de LyonLes Gones
59%
Real MadridLes Merengues
47%
LeicesterLes Foxes
43%
Manchester CityLes Sky Blues
40%
Olympique de MarseilleLes Phocéens
37%
VillarealLe Sous-Marin Jaune
35%
Ac MilanLes Rossoneri
35%
JuventusLa Vieille Dame
33%
Inter MilanLes Nerazurri
20%
Borussia DortmundLe BVB
8%

Distribution des résultats

Percentile par nombre de réponses

% des personnes avec chaque résultat

Votre développement - résultats

Vous n’avez pas pris ce quiz